书目信息 |
| 题名: |
信息服务管理
|
|
| 作者: | 胡昌平 , 黄晓梅 , 贾君枝 编著 | |
| 分册: | ||
| 出版信息: | 北京 科学出版社 2003.08 |
|
| 页数: | 354页 | |
| 开本: | 24cm | |
| 丛书名: | 21世纪高等院校教材 | |
| 单 册: | ||
| 中图分类: | G203-43 , G203 | |
| 科图分类: | ||
| 主题词: | 信息服务--xin xi fu wu--管理--高等学校--教材 | |
| 电子资源: | ||
| ISBN: | 7-03-011457-4 | |
| 000 | 01314nam 2200361 450 | |
| 001 | G012002007189 | |
| 005 | 20050913161811.95 | |
| 010 | @a7-03-011457-4@dCNY 34.00 | |
| 099 | @aCAL 012003147018 | |
| 100 | @a20030926d2003 em y0chiy0121 ea | |
| 101 | 0 | @achi |
| 102 | @aCN@b110000 | |
| 105 | @aak ao 000yy | |
| 200 | 1 | @a信息服务管理@Axin xi fu wu guan li@f胡昌平, 黄晓梅, 贾君枝编著 |
| 210 | @a北京@c科学出版社@d2003.08 | |
| 215 | @a354页@c图@d24cm | |
| 225 | 2 | @a21世纪高等院校教材@A21 shi ji gao deng yuan xiao jiao cai@i信息管理系列 |
| 312 | @a英文并列题名取自封面 | |
| 320 | @a有书目 | |
| 330 | @a本书系统地阐述了信息服务及其管理的基本理论和实际问题,在分析信息服务业发展的社会机制、信息服务机构及其业务组织的基础上,从社会信息需求出发,研究了社会化信息服务的组织、模式优化及全面管理的措施。 | |
| 410 | 0 | @12001 @a21世纪高等院校教材 |
| 410 | 0 | @12001 @a信息管理系列 |
| 461 | 0 | @12001 @a21世纪高等院校教材 |
| 462 | 0 | @12001 @a信息管理系列 |
| 510 | 1 | @aManagement of information service@zeng |
| 606 | 0 | @a信息服务@Axin xi fu wu@x管理@x高等学校@j教材 |
| 690 | @aG203-43@v4 | |
| 690 | @aG203@v4 | |
| 701 | 0 | @a胡昌平@Ahu chang ping@4编著 |
| 701 | 0 | @a黄晓梅@Ahuang xiao mei@4编著 |
| 701 | 0 | @a贾君枝@Ajia jun zhi@4编著 |
| 801 | 0 | @c20050913 |
| 905 | @a10447@dG203-43@eH450 | |
| 信息服务管理/胡昌平, 黄晓梅, 贾君枝编著.-北京:科学出版社,2003.08 |
| 354页:图;24cm.-(21世纪高等院校教材.信息管理系列) |
| ISBN 7-03-011457-4:CNY 34.00 |
| 本书系统地阐述了信息服务及其管理的基本理论和实际问题,在分析信息服务业发展的社会机制、信息服务机构及其业务组织的基础上,从社会信息需求出发,研究了社会化信息服务的组织、模式优化及全面管理的措施。 |
| ● |
| 相关链接 |
|
|
|
正题名:信息服务管理
索取号:G203-43/H450
 
预约/预借
| 序号 | 登录号 | 条形码 | 馆藏地/架位号 | 状态 | 备注 |
| 1 | 550950 | 205509500 | 社科库409/409社科库 57排1列4层/ [索取号:G203-43/H450] | 在馆 | |
| 2 | 550951 | 205509519 | 社科库409/409社科库 57排1列4层/ [索取号:G203-43/H450] | 在馆 |